LEADER 01034cam0 22002653 450 001 E600200041297 005 20180530092216.0 100 $a20081024d1970 |||||ita|0103 ba 101 $aita 102 $aIT 200 1 $aStudi sull'età della Restaurazione. La cultura francese nell'età della Restaurazione. Aspetti del Cattolicesimo della Restaurazione$fAdolfo Omodeo$gPref. Alessandro Galante Garrone 210 $aTorino$cEinaudi$d1970 215 $aXXIV, 447 p.$d18 cm 225 2 $aPiccola biblioteca Einaudi$v136 410 1$1001LAEC00015152$12001 $a*Piccola biblioteca Einaudi$v136 700 1$aOmodeo$b, Adolfo <1889-1946>$3AF00013459$4070$0137233 801 0$aIT$bUNISOB$c20180530$gRICA 850 $aUNISOB 852 $aUNISOB$j900$m11500 912 $aE600200041297 940 $aM 102 Monografia moderna SBN 941 $aM 957 $a900$b000498$gSi$d11500$racquisto$1catenacci$2UNISOB$3UNISOB$420081024064058.0$520180530092216.0$6Alfano 996 $aStudi sull'età della restaurazione$9165511 997 $aUNISOB LEADER 01119nam2-2200361---450 001 990005615790203316 005 20200526171222.0 035 $a000561579 035 $aUSA01000561579 035 $a(ALEPH)000561579USA01 035 $a000561579 100 $a20000214d17201987|||y0itaa50------ba 101 $aeng 102 $ade 105 $a0 00||| 200 1 $a<<5: >> Free thoughts on religion, the Church, and national happiness$fBernard Mandeville 210 $aHildesheim$cOlms$aLondon$cJauncy$d1720-1987 215 $aXIX, 364 p.$d20 cm 300 $aRiprod. dell'ed. 461 0$1001000561575$12001$aCollected works$v5 620 $dHILDESHEIM 676 $a199.492 700 1$aMANDEVILLE,$bBernard : de$0122695 801 0$aIT$bSA$c20111219 912 $a990005615790203316 950 0$aDipar.to di Filosofia - Salerno$dDFAA 199.492 MAN$e3208 FIL 951 $aAA 199.492 MAN$b3208 FIL 959 $aBK 969 $aFIL 979 $c20121027$lUSA01$h1525 979 $c20121027$lUSA01$h1614 996 $aFree thoughts on religion, the church and national Happiness$929011 997 $aUNISA